| 000 | 00913nam a2200325 a 4500 | ||
|---|---|---|---|
| 003 | AR-BaBNM | ||
| 005 | 20251128205357.0 | ||
| 008 | 082120s2002 ||||||||||||||000 | spa|| | ||
| 020 | _a950-9316-84-X | ||
| 040 | _cAR-BaBNM | ||
| 100 | 1 | _aSaborido, Jorge | |
| 245 | 0 | 0 |
_aLa España de los años 30 _brepública - guerra civil -revolución |
| 260 |
_aBuenos Aires _bBiblos _c1991 |
||
| 300 |
_a303 p. _bil., láms., tablas |
||
| 500 | _aApéndice documental p. 267-303 | ||
| 500 | _aCronología p. 243-254. | ||
| 504 | _aBibliografía para consultar p. 255-266. | ||
| 650 | 4 | _aHISTORIA POLITICA | |
| 650 | 4 | _aHISTORIA SOCIAL | |
| 650 | 4 | _aCULTURA | |
| 650 | 4 | _aGUERRA CIVIL | |
| 650 | 4 | _aCIENCIAS POLITICAS | |
| 650 | 4 | _aREVOLUCION | |
| 650 | 4 | _aDISTURBIOS CIVILES | |
| 650 | 4 | _aPROBLEMAS SOCIALES | |
| 651 | 4 | _aEspaña | |
| 653 | _aHISTORIA ESPAÑOLA | ||
| 942 | _cBK | ||
| 998 | _cmariana | ||
| 999 |
_c11159 _d11159 |
||